| 000 | 01320nam a2200277 a 4500 | ||
|---|---|---|---|
| 001 | 000035665 | ||
| 003 | DO-SdBNP | ||
| 005 | 20251211105644.0 | ||
| 008 | 111108s2009 dr 001 0 spa d | ||
| 040 |
_aDO-SdBNP _bspa _cBNPHU |
||
| 082 |
_a321.8 _bH557b |
||
| 100 | 1 |
_aHernández Flores, Ismael, _d1943- _961587 |
|
| 245 | 1 | 0 |
_aBreve historia de la democracia, de las revoluciones burguesas, y de la constitución de San Cristóbal / _cIsmael Hernández Flores. |
| 260 |
_a[Santo Domingo] : _bImpresos D' Reyes, _c2009. |
||
| 300 |
_a123 p. ; _c21 cm. |
||
| 500 | _aIncluye bibliografía y notas al pie de páginas. | ||
| 504 | _aBibliografía : p. 121-123 | ||
| 505 | 0 |
_gPresentación -- _tRenacimiento: primeras revoluciones burguesas y decadencia del absolutismo monárquico -- _tAnálisis de la Constitución de San Cristóbal -- _tContenido de la Constitución del 6 de noviembre de 1844 -- _gBibliografía. |
|
| 590 | _aInventariado, 2018/LP | ||
| 650 | 0 |
_aDemocracia _xHistoria _9286 _vEnsayos, conferencias, etc. |
|
| 650 | 4 |
_aRevoluciones políticas _xHistoria _961588 _vEnsayos, conferencias, etc. |
|
| 651 | 4 |
_aRepública Dominicana _xConstitución (1844{Rpara} _935555 |
|
| 651 | 4 |
_aRepública Dominicana _xDerecho Constitucional _99303 |
|
| 910 | _aValidado. Control de calidad EMS | ||
| 942 |
_2ddc _cLBS1 |
||
| 999 |
_c35156 _d35156 |
||